[Event "British Rapidplay"]
[Site "Peterborough"]
[Date "2024.03.02"]
[Round "6"]
[White "Milewska, Agnieszka"]
[Black "Green, Michael"]
[Result "1-0"]
[WhiteElo "1769"]
[BlackElo "1961"]
[PlyCount "161"]
[EventDate "2024.03.02"]
[EventType "swiss (rapid)"]
[EventRounds "11"]
[EventCountry "ENG"]
[SourceTitle "CB10_2024"]
[SourceDate "2024.03.06"]
[SourceVersion "1"]
[SourceVersionDate "2024.03.06"]
[SourceQuality "1"]

1. d4 Nf6 2. c4 c5 3. Nf3 cxd4 4. Qxd4 Nc6 5. Qd1 d5 6. cxd5 Qxd5 7. Qxd5 Nxd5 8. e4 Ndb4 9. Na3 Bg4 10. Nd2 0-0-0 11. f3 Bh5 12. Bb5 Nd3+ 13. Bxd3 Rxd3 14. 0-0 e5 15. Nac4 Bc5+ 16. Kh1 b5 17. Na3 Bxa3 18. bxa3 Rhd8 19. Nb3 Nd4 20. Bb2 Nxb3 21. axb3 f6 22. Rac1+ Kb7 23. b4 Bf7 24. h4 Bc4 25. Rf2 h5 26. a4 a6 27. axb5 axb5 28. Kh2 Ra8 29. Ra1 Rxa1 30. Bxa1 Ra3 31. Bb2 Rb3 32. Rd2 Rxb4 33. Ba3 Rb3 34. Bf8 Bd3 35. Bxg7 Kc6 36. Bxf6 Kd6 37. Bd8 Kc5 38. Bc7 Kd4 39. Ra2 Bc4 40. Ra8 b4 41. Rd8+ Ke3 42. Bxe5 Rb1 43. Bd4+ Ke2 44. e5 b3 45. Rb8 Kd3 46. Bc5 Kc2 47. f4 b2 48. Bd4 Bb3 49. Bxb2 Kxb2 50. f5 Re1 51. e6 Kc3 52. Rd8 Bxe6 53. Re8 Re5 54. fxe6 Kd4 55. e7 Ke4 56. Kg3 Re6 57. Rh8 Rxe7 58. Rxh5 Ra7 59. Rb5 Ra3+ 60. Kg4 Ra4 61. h5 Ke3+ 62. Kg5 Kf2 63. g4 Kg3 64. Rb3+ Kg2 65. h6 Ra5+ 66. Kh4 Ra2 67. g5 Kh2 68. Kh5 Ra6 69. h7 Ra1 70. h8Q Rh1 71. Kg6+ Kg2 72. Rb2+ Kg1 73. Rb1+ Kf2 74. Rxh1 Kg3 75. Qh4+ Kf3 76. Rh3+ Kg2 77. Qg3+ Kf1 78. Qa3 Kg2 79. Rb3 Kf2 80. Rb2+ Ke1 81. Qa1# 1-0